| Tag |
First Indicator |
Second Indicator |
Subfields |
| LEADER |
00000cam a2200000 4500 |
| 001 |
in00000039753 |
| 005 |
20151007064541.0 |
| 008 |
721120s1958 pau b 00000 eng u |
| 010 |
|
|
|a 58012719
|
| 035 |
|
|
|a (OCoLC)00498572
|
| 035 |
|
|
|9 AAE0093AM
|
| 040 |
|
|
|c WSU
|d TXA
|d UtOrBLW
|
| 049 |
|
|
|a TXAM
|c [298567]
|
| 050 |
|
0 |
|a JF1338.A2
|b S9
|
| 092 |
|
|
|a 351.1
|b S974e
|
| 100 |
1 |
|
|a Sweeney, Stephen B.
|q (Stephen Binnington)
|
| 245 |
1 |
0 |
|a Education for administrative careers in government service /
|c Editor: Stephen B. Sweeney. Assistant editor: Thomas J. Davy. Consultant: Lloyd M. Short.
|
| 264 |
|
1 |
|a Philadelphia :
|b University of Pennsylvania Press,
|c [1958]
|
| 300 |
|
|
|a 366 pages ;
|c 22 cm.
|
| 336 |
|
|
|a text
|b txt
|2 rdacontent
|
| 337 |
|
|
|a unmediated
|b n
|2 rdamedia
|
| 338 |
|
|
|a volume
|b nc
|2 rdacarrier
|
| 504 |
|
|
|a Bibliographical footnotes.
|
| 650 |
|
0 |
|a Public administration
|x Study and teaching.
|
| 710 |
2 |
|
|a Fels Institute of Local and State Government.
|
| 999 |
|
|
|a MARS
|
| 999 |
f |
f |
|s bb743357-1da8-3d8f-bf81-d0cb65582e26
|i 5e160ad3-db0a-36a1-8dae-540b550f7788
|t 0
|
| 952 |
f |
f |
|p ric
|a Texas A&M University
|b Rellis Campus
|c Joint Library Facility
|d Remote Storage
|t 0
|e JF1338.A2 S9
|h Library of Congress classification
|i unmediated -- volume
|m A14800794012
|
| 998 |
f |
f |
|a JF1338.A2 S9
|t 0
|l Remote Storage
|